Historia del feudalismo
Guardat en:
| Autors principals: | , |
|---|---|
| Format: | Llibre |
| Idioma: | espanyol |
| Publicat: |
Ciudad de México
El Nacional
1939
|
| Col·lecció: | Biblioteca del Maestro
|
| Matèries: | |
| Etiquetes: |
Afegir etiqueta
Sense etiquetes, Sigues el primer a etiquetar aquest registre!
|
MARC
| LEADER | 00000nam a2200000 a 4500 | ||
|---|---|---|---|
| 001 | UCO0277 | ||
| 003 | CL-VaPUC | ||
| 008 | 000420e19390000MX |||||||||||||||||spa|d | ||
| 082 | 0 | 4 | |a 940.14 |b GUK |2 21 |
| 100 | |a Gukovsky, A |e author |9 441430 | ||
| 700 | 0 | |a Trachtenberg, O |e author |9 441431 | |
| 245 | 1 | 0 | |a Historia del feudalismo |
| 300 | |a 2 v | ||
| 942 | |c BK | ||
| 945 | |d 20000420 00:00:00 |a rherrera | ||
| 260 | |a Ciudad de México |b El Nacional |c 1939 | ||
| 650 | 0 | |a Historia de Europa |9 392003 | |
| 650 | 0 | |a Feudalismo |9 313469 | |
| 650 | 0 | |a Historia |9 255047 | |
| 650 | 7 | |a REBELIONES CAMPESINAS |2 CL-VaPUC |9 440770 | |
| 650 | 7 | |a IGLESIA FEUDAL |2 CL-VaPUC |9 440771 | |
| 650 | 0 | |a Lucha de clases |9 403122 | |
| 650 | 7 | |a MONARQUIAS |2 CL-VaPUC |9 388950 | |
| 650 | 7 | |a IMPERIO RUSO |2 CL-VaPUC |9 436261 | |
| 650 | 7 | |a SIGLOS 9-11 |2 CL-VaPUC |9 440772 | |
| 651 | 0 | |a Europa |9 255156 | |
| 583 | |a last modification |c 20000420 00:00:00 |k Rodrigo Vera | ||
| 490 | 0 | |a Biblioteca del Maestro | |
| 999 | |c 286990 |d 286988 | ||
| 952 | |0 0 |1 0 |4 0 |6 940_140000000000000_GUK_1939 |7 0 |8 X |9 333347 |a BIBHIS |b BIBHIS |d 2019-11-20 |h v.2 |i 126219K |o 940.14 GUK 1939 |p 126219K |r 2024-01-30 |w 2019-11-20 |y BK_X |k HIS | ||